000 01572cam a22003857a 4500
003 CHAP
005 20220329140922.0
008 971013s1995 r 00010 d
010 _a59798
011 _a60770
035 _a64932
040 _cCHAP
082 _a333.0972
_bI58 Q.R.
110 _aInstituto Nacional de Estadística, Geografía e Informática. México
_959304
245 0 _aDatos por ejido y comunidad agraria
_b: Quintana Roo
260 _aAguascalientes, Ags. :
_bINEGI,
_c1995
300 _a106 p.
500 _aElaborado con información del XI Censo General de Población y Vivienda, 1990 y VII Censo Agropecuario, 1991
590 _aBATCH-UPD
_b10
_c20130110
_lUCH01
_h0407
590 _aBATCH-UPD
_b10
_c20130110
_lUCH01
_h2144
590 _aBATCH-UPD
_b10
_c20130410
_lUCH01
_h0041
590 _aBATCH-UPD
_b10
_c20130914
_lUCH01
_h1332
590 _aCONVERSION
_b10
_c20130109
_lUCH01
_h1332
650 1 4 _aEjidos
_xQuintana Roo.
_936027
650 1 4 _aPoblación
_xEstadísticas
_zQuintana Roo.
_989395
650 1 4 _aPoblación
_zQuintana Roo.
_989435
650 1 4 _aQuintana Roo
_xCondiciones rurales.
_993373
650 1 4 _aVivienda rural
_xQuintana Roo.
_9120184
901 _aBK
942 _cLIBRO
949 _a333.0972 I58 Q.R.
_bBC
_cINEGI
_d33724000533469
_eINEGI
_h90297
_i64932
_si
949 _a333.0972 I58 Q.R.
_bBC
_cINEGI
_d33724000618989
_eINEGI
_fc.2
_h91088
_i64932
_si
949 _a333.0972 I58 Q.R.
_bBC
_cINEGI
_d33724000618997
_eINEGI
_fc.3
_h91089
_i64932
_si
949 _a333.0972 I58 Q.R.
_bBC
_cINEGI
_d33724000619003
_eINEGI
_fc.4
_h91090
_i64932
_si
999 _c59798
_d59798